Sports Quiz

Random Sports or NFL Quiz

Ray Lewis' Past Defensive Coordinators Quiz Stats

 Plays Quiz not verified by Sporcle

Challenge
Share
Tweet
Embed
Score 0/6 Timer 05:00
0 Plays Today
Year(s) Coached Coach % Correct
1996-2001Marvin Lewis
93.8%
2005-2008Rex Ryan
82.8%
2012Dean Pees
64.1%
2011Chuck Pagano
57.8%
2002-2004Mike Nolan
46.9%
2009-2010Greg Mattison
34.4%

You're not logged in!

Compare scores with friends on all Sporcle quizzes.
OR
Log In

You Might Also Like...

Show Comments

Extras

Top Quizzes Today


Score Distribution

Your Account Isn't Verified!

In order to create a playlist on Sporcle, you need to verify the email address you used during registration. Go to your Sporcle Settings to finish the process.

Report this User

Report this user for behavior that violates our Community Guidelines.

Details: